[Event "CAN-ch w"]
[Site "Toronto CAN"]
[Date "2025.04.19"]
[Round "4.8"]
[White "Fiset, Anais Chloe"]
[Black "Poorna Prakash, Roshini"]
[Result "0-1"]
[WhiteElo "1808"]
[BlackElo "1748"]
[WhiteFideId "-1"]
[WhiteFideId "-1"]
[PlyCount "76"]
[GameId "2171368983434586"]
[EventDate "2025.04.17"]
[EventType "swiss"]
[EventRounds "9"]
[EventCountry "CAN"]

1. e4 c5 2. Nf3 e6 3. d4 cxd4 4. Nxd4 Nf6 5. Nc3 Nc6 6. Nxc6 bxc6 7. e5 Nd5 8. Ne4 Qc7 9. f4 c5 10. Nd6+ Bxd6 11. exd6 Qc6 12. Be2 Bb7 13. c4 Nb4 14. Bf3 Qa6 15. Be3 Bxf3 16. Qxf3 Rc8 17. Qe2 Qxd6 18. Rd1 Qc6 19. a3 Na6 20. O-O O-O 21. Rf3 Nc7 22. Rh3 Ne8 23. Qh5 Nf6 24. Qh4 Qe4 25. b3 d5 26. Re1 Qf5 27. Bd2 Rb8 28. Rg3 Ne4 29. Rd3 Nxd2 30. Rxd2 Rxb3 31. cxd5 exd5 32. Qe7 Rb1 33. Rde2 Rxe1+ 34. Rxe1 d4 35. Qxa7 d3 36. Re5 Qc8 37. Rxc5 d2 38. Rxc8 d1=Q+ 0-1

[Event "CAN-ch w"]
[Site "Toronto CAN"]
[Date "2025.04.19"]
[Round "4.9"]
[White "Cloutier, Annabelle"]
[Black "Zhang, Michelle"]
[Result "0-1"]
[WhiteElo "1401"]
[BlackElo "1793"]
[WhiteFideId "-1"]
[WhiteFideId "-1"]
[PlyCount "76"]
[GameId "2171370666497378"]
[EventDate "2025.04.17"]
[EventType "swiss"]
[EventRounds "9"]
[EventCountry "CAN"]

1. Nf3 d5 2. c4 c6 3. d4 Nf6 4. Nc3 e6 5. g3 Nbd7 6. Bg2 dxc4 7. a4 Be7 8. O-O O-O 9. e4 c5 10. e5 Nd5 11. Nxd5 exd5 12. dxc5 Nxc5 13. Nd4 Nd3 14. Qe2 Bc5 15. Be3 Re8 16. Nf3 d4 17. Bg5 Qb6 18. Qc2 Be6 19. Rab1 h6 20. Bh4 Bd5 21. Nd2 Bxg2 22. Nxc4 Qg6 23. Rfd1 Bf3 24. Qxd3 Qxd3 25. Rxd3 Be4 26. Rbd1 Bxd3 27. Rxd3 g5 28. Bxg5 hxg5 29. Rf3 Rad8 30. Rf5 Be7 31. f4 d3 32. Nd2 gxf4 33. Rxf4 Bc5+ 34. Kg2 Rxe5 35. Kf3 Re3+ 36. Kg4 Re2 37. Ne4 Rxe4 38. Rxe4 d2 0-1

[Event "CAN-ch w"]
[Site "Toronto CAN"]
[Date "2025.04.19"]
[Round "4.10"]
[White "Chen, Shuang"]
[Black "Yancey, Alice"]
[Result "0-1"]
[WhiteElo "1723"]
[BlackElo "1690"]
[WhiteFideId "-1"]
[WhiteFideId "-1"]
[PlyCount "105"]
[GameId "2171382470616426"]
[EventDate "2025.04.17"]
[EventType "swiss"]
[EventRounds "9"]
[EventCountry "CAN"]

1. e4 c5 2. Nf3 e6 3. c3 d5 4. exd5 Qxd5 5. d4 Nf6 6. Be2 cxd4 7. cxd4 Nc6 8. Nc3 Qd6 9. O-O Be7 10. h3 O-O 11. Be3 b6 12. Rc1 Bb7 13. Qd2 Nb4 14. Nb5 Qd8 15. Rc7 Ba6 16. Rxa7 Rxa7 17. Nxa7 Bxe2 18. Qxe2 Qa8 19. Nb5 Qxa2 20. Bg5 Rc8 21. Rc1 Rxc1+ 22. Bxc1 Qb1 23. Qf1 Nd3 24. Bg5 Qxf1+ 25. Kxf1 Nxb2 26. Ne5 Nd5 27. Bxe7 Nxe7 28. Ke2 f6 29. Nd7 Nd5 30. g3 Kf7 31. Kd2 Ke7 32. Nb8 Nc4+ 33. Kd3 Na5 34. f4 Kd8 35. Na6 Kc8 36. Nd6+ Kd7 37. Nc4 Nxc4 38. Kxc4 Kc6 39. f5 Ne3+ 40. Kc3 Nxf5 41. Nb4+ Kb5 42. d5 exd5 43. Nxd5 Nxg3 44. Ne3 Kc5 45. Ng2 Ne4+ 46. Kb3 Kd4 47. Nf4 Ke5 48. Nd3+ Kf5 49. Kb4 Ng5 50. Nf2 Kf4 51. h4 Nf3 52. Kb5 Nxh4 53. Kxb6 0-1

[Event "CAN-ch w"]
[Site "Toronto CAN"]
[Date "2025.04.19"]
[Round "4.11"]
[White "Qiao, Cindy"]
[Black "Wang, Angela"]
[Result "1-0"]
[WhiteElo "1896"]
[BlackElo "1551"]
[WhiteFideId "-1"]
[WhiteFideId "-1"]
[PlyCount "75"]
[GameId "2171384721642866"]
[EventDate "2025.04.17"]
[EventType "swiss"]
[EventRounds "9"]
[EventCountry "CAN"]

1. e4 d6 2. d4 Nf6 3. Nc3 e5 4. Nf3 Nbd7 5. Rg1 Be7 6. g4 h6 7. Be3 c6 8. Qd2 Qc7 9. O-O-O c5 10. dxe5 Nxe5 11. Nxe5 dxe5 12. Bb5+ Bd7 13. Bxd7+ Qxd7 14. Qe2 Qc6 15. f3 a6 16. h4 Nd7 17. g5 h5 18. Nd5 Bd8 19. f4 Bc7 20. g6 f6 21. Qc4 O-O-O 22. Nxc7 Kxc7 23. Qf7 b6 24. fxe5 fxe5 25. Qxg7 Rhg8 26. Qf7 Rdf8 27. Qh7 Rh8 28. Qe7 Re8 29. g7 Rhg8 30. Qf7 Kc8 31. Rg6 Qb7 32. Rgd6 Rd8 33. Bg5 Rde8 34. Rxd7 Qc6 35. R1d6 Qxe4 36. Rc7+ Kb8 37. Rxb6+ Ka8 38. Ra7# 1-0

[Event "CAN-ch w"]
[Site "Toronto CAN"]
[Date "2025.04.19"]
[Round "4.12"]
[White "Kamath, Nikita"]
[Black "Fu, Ashley"]
[Result "0-1"]
[WhiteElo "1607"]
[BlackElo "1535"]
[WhiteFideId "-1"]
[WhiteFideId "-1"]
[PlyCount "50"]
[GameId "2171386414302586"]
[EventDate "2025.04.17"]
[EventType "swiss"]
[EventRounds "9"]
[EventCountry "CAN"]

1. d4 d5 2. Bg5 Nf6 3. e3 Bf5 4. Bd3 Bg6 5. c3 e6 6. f4 Be7 7. Nf3 Bxd3 8. Qxd3 Nbd7 9. Nbd2 h6 10. Bh4 c5 11. Ne5 Rc8 12. O-O O-O 13. h3 Nxe5 14. fxe5 Nd7 15. Bxe7 Qxe7 16. Rf4 f6 17. Nf3 fxe5 18. dxe5 Rf7 19. Qg6 Rcf8 20. Rg4 Rxf3 21. gxf3 Nxe5 22. Qh5 Rf5 23. Qh4 Nxf3+ 24. Kg2 Nxh4+ 25. Rxh4 Qxh4 0-1

[Event "CAN-ch w"]
[Site "Toronto CAN"]
[Date "2025.04.19"]
[Round "4.13"]
[White "Malaviya, Bhakti"]
[Black "Cabrera, Jennie"]
[Result "0-1"]
[WhiteElo "1486"]
[BlackElo "1885"]
[WhiteFideId "-1"]
[WhiteFideId "-1"]
[PlyCount "46"]
[GameId "2171388964316546"]
[EventDate "2025.04.17"]
[EventType "swiss"]
[EventRounds "9"]
[EventCountry "CAN"]

1. e4 e6 2. d4 d5 3. Nd2 c5 4. c3 Nc6 5. Ngf3 Nf6 6. e5 Nd7 7. Bd3 Qb6 8. O-O cxd4 9. cxd4 Nxd4 10. Nxd4 Qxd4 11. Nf3 Qb4 12. a3 Qb6 13. b4 Be7 14. Re1 Qd8 15. Be3 O-O 16. Qd2 f6 17. exf6 Bxf6 18. Ng5 Bxa1 19. Nxe6 Qf6 20. Nxf8 Nxf8 21. Bg5 Bc3 22. Bxh7+ Kxh7 23. Qxd5 Qf5 0-1

[Event "CAN-ch w"]
[Site "Toronto CAN"]
[Date "2025.04.19"]
[Round "4.14"]
[White "Guan, Isabelle"]
[Black "Zhou, Lily"]
[Result "0-1"]
[WhiteElo "1454"]
[BlackElo "1765"]
[WhiteFideId "-1"]
[WhiteFideId "-1"]
[PlyCount "92"]
[GameId "2171395357394865"]
[EventDate "2025.04.17"]
[EventType "swiss"]
[EventRounds "9"]
[EventCountry "CAN"]

1. e4 c5 2. Nf3 Nc6 3. Bb5 g6 4. c3 Bg7 5. d3 Nf6 6. Be3 d6 7. Nbd2 O-O 8. Qe2 Bd7 9. Bc4 Na5 10. O-O Nxc4 11. Nxc4 b5 12. Ncd2 Rb8 13. h3 Qc7 14. d4 Rfc8 15. Rac1 Qb7 16. Bf4 Bc6 17. Rfe1 Ra8 18. Bh2 Rd8 19. d5 Be8 20. Nb3 a5 21. Nbd2 Nd7 22. Rb1 Nb6 23. Rec1 Na4 24. Qe3 b4 25. Nb3 Qa7 26. Qd2 bxc3 27. bxc3 Nb6 28. Qe2 Na4 29. Qd2 Nb6 30. Qe2 a4 31. Nbd2 Rab8 32. c4 Qa6 33. e5 Nxd5 34. Rxb8 Rxb8 35. Qe4 Nc7 36. Qd3 Rd8 37. Ne4 Ne6 38. exd6 exd6 39. Rd1 Nd4 40. Nxd4 Bxd4 41. Qc2 a3 42. Qd3 Ba4 43. Re1 d5 44. Nd2 dxc4 45. Qxc4 Bxf2+ 46. Kf1 Bb5 0-1

[Event "CAN-ch w"]
[Site "Toronto CAN"]
[Date "2025.04.19"]
[Round "4.15"]
[White "Sreekumar, Gauri"]
[Black "Auger, Anastasia"]
[Result "1-0"]
[WhiteElo "1674"]
[BlackElo "1618"]
[WhiteFideId "-1"]
[WhiteFideId "-1"]
[PlyCount "65"]
[GameId "2171401207957433"]
[EventDate "2025.04.17"]
[EventType "swiss"]
[EventRounds "9"]
[EventCountry "CAN"]

1. d4 Nf6 2. c4 Nc6 3. Nf3 e6 4. g3 d5 5. Bg2 Be7 6. O-O O-O 7. Bf4 Ne4 8. cxd5 exd5 9. Nc3 g5 10. Be3 f5 11. Qc1 h6 12. h4 Be6 13. hxg5 Nxg5 14. Kh2 Rf7 15. Rh1 Rh7 16. Kg1 Bf6 17. Qd2 Kg7 18. Rd1 Kg6 19. Qc2 Ne4 20. Qc1 Ng5 21. Na4 Qf8 22. Nc5 Nxf3+ 23. Bxf3 Bc8 24. Bxd5 h5 25. Ne6 Bxe6 26. Bxe6 Qd6 27. Bxf5+ Kxf5 28. Qc2+ Ke6 29. Qxh7 Nb4 30. Rxh5 Rh8 31. Qe4+ Kd7 32. Rxh8 Bxh8 33. Qh7+ 1-0

[Event "CAN-ch w"]
[Site "Toronto CAN"]
[Date "2025.04.19"]
[Round "4.16"]
[White "Geillon-Barral, Roween"]
[Black "Roque, Alexa"]
[Result "0-1"]
[WhiteElo "1448"]
[BlackElo "1610"]
[WhiteFideId "-1"]
[WhiteFideId "-1"]
[PlyCount "120"]
[GameId "2171402423224257"]
[EventDate "2025.04.17"]
[EventType "swiss"]
[EventRounds "9"]
[EventCountry "CAN"]

1. e4 c6 2. d4 d5 3. exd5 cxd5 4. Nf3 Nc6 5. Bf4 Bg4 6. Be2 Nf6 7. c3 e6 8. Nbd2 Bd6 9. Ne5 Bxe2 10. Qxe2 Qc7 11. Bg3 O-O 12. O-O Rfe8 13. Rfe1 Nd7 14. Nxd7 Qxd7 15. Qg4 Rad8 16. Be5 Nxe5 17. dxe5 Bc5 18. Nb3 Bb6 19. Nd4 Rc8 20. a4 Rc4 21. Qd1 Rec8 22. g3 Bxd4 23. cxd4 Qc6 24. b3 Rc3 25. Rb1 b5 26. a5 b4 27. Qe2 Rc2 28. Qd3 Qc3 29. Red1 Qxd3 30. Rxd3 Rc1+ 31. Rxc1 Rxc1+ 32. Kg2 Ra1 33. Rd2 Rc1 34. a6 f6 35. f4 Kf7 36. Kf2 Kg6 37. g4 Ra1 38. Rc2 Rxa6 39. h4 f5 40. h5+ Kh6 41. Kg3 g5 42. hxg6 Kxg6 43. Kh4 fxg4 44. Kxg4 h5+ 45. Kh4 Kf5 46. Rf2 Rc6 47. Kxh5 Rc3 48. Kh6 Rxb3 49. Ra2 Ra3 50. Rb2 b3 51. Kg7 a5 52. Kf7 a4 53. Rg2 Ra2 54. Rg5+ Kxf4 55. Rg1 b2 56. Kxe6 Ra1 57. Rxa1 bxa1=Q 58. Kxd5 Ke3 59. Kd6 Qxd4+ 60. Kc6 Qxe5 0-1

[Event "CAN-ch w"]
[Site "Toronto CAN"]
[Date "2025.04.19"]
[Round "4.17"]
[White "Xiao, Stephanie"]
[Black "Abbarin, Shabnam"]
[Result "1-0"]
[WhiteElo "1405"]
[BlackElo "1579"]
[WhiteFideId "-1"]
[WhiteFideId "-1"]
[PlyCount "91"]
[GameId "2171408172361676"]
[EventDate "2025.04.17"]
[EventType "swiss"]
[EventRounds "9"]
[EventCountry "CAN"]

1. e4 c5 2. c3 d5 3. exd5 Qxd5 4. d4 cxd4 5. cxd4 Nc6 6. Nf3 g6 7. Nc3 Qd8 8. Bb5 Bd7 9. d5 Nb8 10. Bc4 Bg7 11. O-O Nf6 12. Qb3 Qc7 13. d6 Qxd6 14. Bxf7+ Kf8 15. Bc4 h6 16. Rd1 Qc7 17. Be3 Bc6 18. Nd4 Bd7 19. Be6 Nc6 20. Bxd7 Nxd4 21. Rxd4 Nxd7 22. Rf4+ Nf6 23. Nd5 Qe5 24. Bd4 Qd6 25. Qf3 Kf7 26. Re1 Rac8 27. h3 Rhe8 28. Rfe4 Qxd5 29. Bxf6 Qxe4 30. Qxe4 Bxf6 31. Qxb7 Rb8 32. Qd5+ Kg7 33. b3 Red8 34. Qa5 Rd7 35. Rc1 Rbb7 36. a4 Bd4 37. b4 e5 38. b5 Rf7 39. Rc2 Rb6 40. Qe1 Rbf6 41. Kf1 h5 42. f3 g5 43. Rc6 Rf5 44. Qe4 R7f6 45. Rc7+ Rf7 46. Qxf5 1-0

[Event "CAN-ch w"]
[Site "Toronto CAN"]
[Date "2025.04.19"]
[Round "4.18"]
[White "Divadalage, Sanya"]
[Black "Guan, Marie"]
[Result "0-1"]
[WhiteElo "1424"]
[BlackElo "1549"]
[WhiteFideId "-1"]
[WhiteFideId "-1"]
[PlyCount "68"]
[GameId "2171444167232017"]
[EventDate "2025.04.17"]
[EventType "swiss"]
[EventRounds "9"]
[EventCountry "CAN"]

1. c4 Nf6 2. Nc3 d6 3. e4 e5 4. h3 Nbd7 5. g3 Nc5 6. d3 a5 7. Bg2 Be7 8. Nge2 O-O 9. O-O Ne8 10. f4 f5 11. Be3 exf4 12. gxf4 Nf6 13. Ng3 fxe4 14. dxe4 Qe8 15. f5 b6 16. e5 Rb8 17. exf6 Bxf6 18. Re1 Qd8 19. Bd5+ Kh8 20. Bxc5 bxc5 21. Qc2 Bh4 22. Re3 Qg5 23. Qe2 Bxf5 24. Rf1 Bxg3 25. Kh1 Be5 26. Rg1 Qh6 27. Rxe5 dxe5 28. Rg2 Bxh3 29. Rh2 Qc1+ 30. Nd1 Rf1+ 31. Qxf1 Bxf1 32. Be4 h6 33. Nf2 Bh3+ 34. Nd1 Qxd1# 0-1

[Event "CAN-ch w"]
[Site "Toronto CAN"]
[Date "2025.04.19"]
[Round "4.19"]
[White "Sreekumar, Gayathri"]
[Black "Li, Alyssa"]
[Result "1/2-1/2"]
[WhiteElo "1485"]
[BlackElo "1464"]
[WhiteFideId "-1"]
[WhiteFideId "-1"]
[PlyCount "89"]
[GameId "2171445935434265"]
[EventDate "2025.04.17"]
[EventType "swiss"]
[EventRounds "9"]
[EventCountry "CAN"]

1. d4 d6 2. c4 Nf6 3. f3 g6 4. e4 Bg7 5. Be3 O-O 6. Ne2 e5 7. d5 a6 8. Nec3 Bd7 9. Be2 Qe7 10. Qd2 Rd8 11. Na3 Be8 12. O-O-O Nbd7 13. h4 Nc5 14. g4 Na4 15. Nxa4 Bxa4 16. b3 Bd7 17. h5 Rab8 18. Bh6 b5 19. Bxg7 Kxg7 20. hxg6 fxg6 21. Qh6+ Kg8 22. Rdg1 Qg7 23. Qxg7+ Kxg7 24. cxb5 axb5 25. Kb2 g5 26. Rc1 Rdc8 27. Rc2 b4 28. Nc4 Bb5 29. Rhc1 Bxc4 30. Bxc4 Rf8 31. Be2 Ne8 32. Rc6 Rf6 33. Rh1 Ra8 34. Rc2 Rb8 35. Rcc1 Rb6 36. Rh5 Rg6 37. Rh2 Rf6 38. Rch1 h6 39. Rc1 Rf7 40. Bd1 Rd7 41. Rhc2 Rd8 42. Be2 Kg6 43. Rh1 Rd7 44. Rhc1 Rb8 45. Rc6 1/2-1/2

[Event "CAN-ch w"]
[Site "Toronto CAN"]
[Date "2025.04.19"]
[Round "4.20"]
[White "Yuan, Arianna"]
[Black "Dolderman, Clara"]
[Result "1/2-1/2"]
[WhiteElo "1421"]
[BlackElo "1474"]
[WhiteFideId "-1"]
[WhiteFideId "-1"]
[PlyCount "111"]
[GameId "2171447708506657"]
[EventDate "2025.04.17"]
[EventType "swiss"]
[EventRounds "9"]
[EventCountry "CAN"]

1. d4 d5 2. Bf4 c5 3. e3 e6 4. Nf3 Nc6 5. c3 Nf6 6. Bd3 c4 7. Bc2 Be7 8. Nbd2 Nh5 9. Bg3 O-O 10. Ne5 Nxg3 11. hxg3 h6 12. Ng4 f5 13. Nh2 Bd7 14. Nhf3 b5 15. Ne5 Nxe5 16. dxe5 a5 17. g4 b4 18. Ba4 Bxa4 19. Qxa4 bxc3 20. bxc3 Rb8 21. Qd1 Qc7 22. gxf5 Qxe5 23. fxe6 Qxc3 24. Rc1 Qf6 25. Nf3 Qxe6 26. Nd4 Bb4+ 27. Kf1 Qxe3 28. Nf3 Qe4 29. Rh4 Qf5 30. Rc2 Bc5 31. Nd4 Bxd4 32. Rxd4 Rfd8 33. g4 Qg5 34. Rcd2 Qg6 35. Rc2 Kh7 36. Rc1 Rb2 37. Rd2 Rxd2 38. Qxd2 Qxg4 39. Qxa5 Qh3+ 40. Kg1 Qg4+ 41. Kf1 Rd7 42. a4 Qg5 43. Qc3 Rb7 44. Qc2+ g6 45. Rb1 Rxb1+ 46. Qxb1 Qe7 47. a5 Qa7 48. Qb6 Qd7 49. f3 Qh3+ 50. Ke2 Qg2+ 51. Qf2 Qg5 52. Kf1 d4 53. a6 Qa5 54. Qxd4 Qxa6 55. Qd7+ Kh8 56. Qe8+ 1/2-1/2

[Event "CAN-ch w"]
[Site "Toronto CAN"]
[Date "2025.04.19"]
[Round "4.21"]
[White "Wangluo, Joanne"]
[Black "Hitchlock, Veronica"]
[Result "1-0"]
[WhiteElo "1541"]
[BlackElo "1644"]
[WhiteFideId "-1"]
[WhiteFideId "-1"]
[PlyCount "108"]
[GameId "2171450372287020"]
[EventDate "2025.04.17"]
[EventType "swiss"]
[EventRounds "9"]
[EventCountry "CAN"]

1. d4 Nf6 2. c4 g6 3. Nc3 Bg7 4. Nf3 d6 5. Bg5 O-O 6. e3 Nbd7 7. Be2 h6 8. Bh4 a5 9. Qc2 e5 10. dxe5 dxe5 11. Rd1 Qe8 12. Nb5 Qe7 13. Nxc7 Qb4+ 14. Qd2 Qxd2+ 15. Rxd2 Rb8 16. h3 g5 17. Bg3 Ne4 18. Rd5 Nxg3 19. fxg3 b6 20. O-O Nc5 21. Rdd1 Bb7 22. Nd5 Ba8 23. Ne7+ Kh8 24. Nf5 e4 25. N3d4 Be5 26. Nxh6 Kg7 27. Nhf5+ Kg6 28. Ne7+ Kg7 29. Nec6 Bxd4 30. Nxd4 Bb7 31. Rf5 f6 32. Rxc5 bxc5 33. Ne6+ Kg6 34. Nxf8+ Rxf8 35. Rd7 Bc8 36. Rc7 Rd8 37. Rxc5 Rd2 38. Kf2 Be6 39. Ke1 Rxb2 40. Rxa5 Rb1+ 41. Kd2 Rb2+ 42. Ke1 Rb1+ 43. Kf2 Rb2 44. Ra4 Rc2 45. g4 Bd7 46. Ra6 Be8 47. Re6 Bf7 48. Rxe4 Rxa2 49. Kf3 Rc2 50. Rd4 Be8 51. Bd3+ Kf7 52. Bxc2 Bc6+ 53. Be4 Ba4 54. c5 Ke6 1-0

[Event "CAN-ch w"]
[Site "Toronto CAN"]
[Date "2025.04.19"]
[Round "4.22"]
[White "Manikandan Reddia Gowder, Kavira"]
[Black "Sherwood, Noelle"]
[Result "1/2-1/2"]
[WhiteElo "1450"]
[BlackElo "1664"]
[WhiteFideId "-1"]
[WhiteFideId "-1"]
[PlyCount "108"]
[GameId "2171452228766260"]
[EventDate "2025.04.17"]
[EventType "swiss"]
[EventRounds "9"]
[EventCountry "CAN"]

1. d4 g6 2. c4 Bg7 3. e3 d6 4. Nf3 Nf6 5. Nc3 O-O 6. Bd3 Nbd7 7. O-O e5 8. Re1 Re8 9. Qc2 b6 10. Ne4 Bb7 11. Nxf6+ Nxf6 12. e4 exd4 13. Nxd4 Ng4 14. Nf3 Ne5 15. Nxe5 Bxe5 16. Bd2 Qh4 17. h3 Qf6 18. Rab1 Bd4 19. Be3 Bxe3 20. Rxe3 Re5 21. Qc3 Rae8 22. Rf1 Qh4 23. f3 Qg3 24. Qd2 Qh4 25. Rfe1 Bc8 26. Qf2 Qh6 27. f4 R5e7 28. e5 dxe5 29. Rxe5 Rxe5 30. Rxe5 Rd8 31. Rd5 Rxd5 32. cxd5 Bb7 33. Bc4 Qh5 34. Qd4 Qf5 35. Qe5 Qd7 36. g4 b5 37. Bb3 a5 38. a3 Qd8 39. Qg5 Qxg5 40. fxg5 Kf8 41. Kf2 Ke7 42. Ke3 Kd6 43. Kd4 Ba6 44. a4 b4 45. Bc4 Bb7 46. h4 Bc8 47. Be2 Bd7 48. b3 Bc8 49. h5 Bb7 50. Bc4 Bc8 51. Be2 Bd7 52. Bf3 Bc8 53. Be2 Bb7 54. Bc4 Bc8 1/2-1/2

[Event "CAN-ch w"]
[Site "Toronto CAN"]
[Date "2025.04.19"]
[Round "5.1"]
[White "Qian, Ashley"]
[Black "Mills, Morgen"]
[Result "1-0"]
[WhiteElo "1943"]
[BlackElo "2013"]
[WhiteFideId "-1"]
[WhiteFideId "-1"]
[PlyCount "71"]
[GameId "2170886505592297"]
[EventDate "2025.04.17"]
[EventType "swiss"]
[EventRounds "9"]
[EventCountry "CAN"]

1. e4 c6 2. d4 d5 3. exd5 cxd5 4. c4 Nf6 5. Nc3 Nc6 6. Bg5 Be6 7. Be2 Qa5 8. Nf3 g6 9. Bxf6 exf6 10. O-O Bg7 11. Qb3 O-O-O 12. cxd5 Bxd5 13. Nxd5 Qxd5 14. Bc4 Qd6 15. Bxf7 Kb8 16. Rfd1 Rhf8 17. Be6 Na5 18. Qe3 f5 19. Rab1 Rfe8 20. d5 Nc4 21. Qb3 Qa6 22. Rdc1 Nd6 23. Qc2 Qb6 24. b4 Ne4 25. Rb3 Nf6 26. Ne5 Rf8 27. a4 a6 28. a5 Qd4 29. Qc7+ Ka8 30. Nf3 Nxd5 31. Qxd8+ Rxd8 32. Nxd4 Bxd4 33. Bxd5 Rxd5 34. Kf1 Bf6 35. Rc8+ Ka7 36. Re3 1-0

[Event "CAN-ch w"]
[Site "Toronto CAN"]
[Date "2025.04.19"]
[Round "5.2"]
[White "Li, Yunshan"]
[Black "Kucherenko, Olena"]
[Result "1-0"]
[WhiteElo "2233"]
[BlackElo "2049"]
[WhiteFideId "-1"]
[WhiteFideId "-1"]
[PlyCount "73"]
[GameId "2170886505592298"]
[EventDate "2025.04.17"]
[EventType "swiss"]
[EventRounds "9"]
[EventCountry "CAN"]

1. Nf3 Nf6 2. b3 g6 3. Bb2 Bg7 4. g3 d6 5. d4 c5 6. Bg2 O-O 7. O-O cxd4 8. Nxd4 d5 9. Nf3 Nc6 10. Ne5 Qc7 11. Nxc6 bxc6 12. c4 Bb7 13. cxd5 cxd5 14. Nc3 Rfd8 15. Rc1 Qb8 16. Na4 Ne4 17. Bxg7 Kxg7 18. Qd3 Rd6 19. Bxe4 dxe4 20. Qe3 Bc6 21. Nc5 f5 22. Rfd1 Rxd1+ 23. Rxd1 Qe5 24. Nd7 Qe6 25. Qc3+ Kg8 26. Nc5 Qf7 27. Qe5 Qf6 28. Qc7 Kg7 29. Nd7 Qe6 30. Nb8 Bb5 31. a4 Rxb8 32. Qxb8 Bxe2 33. Rd8 Bf3 34. Rh8 Qf7 35. Qe5+ Kh6 36. Rb8 g5 37. Rb7 1-0

[Event "CAN-ch w"]
[Site "Toronto CAN"]
[Date "2025.04.19"]
[Round "5.3"]
[White "Demchenko, Svitlana"]
[Black "Poorna Prakash, Roshini"]
[Result "1-0"]
[WhiteElo "2130"]
[BlackElo "1748"]
[WhiteFideId "-1"]
[WhiteFideId "-1"]
[PlyCount "77"]
[GameId "2170886505592299"]
[EventDate "2025.04.17"]
[EventType "swiss"]
[EventRounds "9"]
[EventCountry "CAN"]

1. d4 Nf6 2. Nf3 e6 3. Bf4 b6 4. e3 Bb7 5. Bd3 Nh5 6. Bg5 Be7 7. Bxe7 Qxe7 8. O-O d5 9. c4 Qb4 10. Qe2 Nf6 11. Nc3 Ne4 12. Bxe4 dxe4 13. Ng5 Ba6 14. Nb5 Qe7 15. Nxe4 O-O 16. b3 Rd8 17. Nbc3 Nd7 18. Rfd1 f5 19. Ng3 Nf6 20. e4 f4 21. Nh5 e5 22. Nxf6+ gxf6 23. Nd5 Qg7 24. Rd3 Kh8 25. Rad1 Rg8 26. f3 Bc8 27. Qb2 h5 28. dxe5 fxe5 29. Nb4 Be6 30. Nc6 Bh3 31. R1d2 Rae8 32. Rd5 Re6 33. Nxe5 Kh7 34. Rd7 Re7 35. Rxe7 Qxe7 36. Nd3 Qh4 37. Qe5 Rd8 38. g3 fxg3 39. hxg3 1-0

[Event "CAN-ch w"]
[Site "Toronto CAN"]
[Date "2025.04.19"]
[Round "5.4"]
[White "Yancey, Alice"]
[Black "Jiang, Hancy"]
[Result "0-1"]
[WhiteElo "1690"]
[BlackElo "1971"]
[WhiteFideId "-1"]
[WhiteFideId "-1"]
[PlyCount "122"]
[GameId "2170886505592300"]
[EventDate "2025.04.17"]
[EventType "swiss"]
[EventRounds "9"]
[EventCountry "CAN"]

1. e4 c6 2. d4 d5 3. Nc3 dxe4 4. Nxe4 Nf6 5. Nxf6+ exf6 6. c3 Bd6 7. Bd3 O-O 8. Be3 Re8 9. Qc2 h5 10. O-O-O Nd7 11. Ne2 Nf8 12. Kb1 Be6 13. Ng3 Qa5 14. b3 b5 15. Ne4 Qc7 16. Nxd6 Qxd6 17. h3 Bd5 18. Rhg1 a5 19. Qd2 a4 20. b4 Be4 21. Bxe4 Rxe4 22. f3 Re6 23. Bf4 Qd5 24. Bh2 Rae8 25. Rde1 Qf5+ 26. Kc1 Nd7 27. Rxe6 Qxe6 28. Bg3 Nb6 29. Re1 Qd7 30. Rxe8+ Qxe8 31. Qe1 Qe6 32. Qxe6 fxe6 33. Kc2 Nd5 34. Kd3 g5 35. Bd6 Nb6 36. g3 Kf7 37. f4 Kg6 38. fxg5 Kxg5 39. Ke4 Nd5 40. h4+ Kg4 41. Kd3 Nb6 42. Be7 Kf5 43. Bd8 Nc4 44. Bc7 e5 45. dxe5 fxe5 46. Ke2 Ke4 47. Bb8 Nb6 48. Kd2 Nd7 49. Bd6 Kf3 50. Kd3 Kxg3 51. Ke4 Kxh4 52. Kf5 Kh3 53. Ke6 e4 54. Kxd7 e3 55. Bf4 e2 56. Bd2 h4 57. Kxc6 Kg4 58. Kxb5 h3 59. Kxa4 h2 60. c4 h1=Q 61. c5 Qd1+ 0-1

[Event "CAN-ch w"]
[Site "Toronto CAN"]
[Date "2025.04.19"]
[Round "5.5"]
[White "Ruchinskaya, Valerie"]
[Black "Dela Torre, Marife"]
[Result "1/2-1/2"]
[WhiteElo "1880"]
[BlackElo "1789"]
[WhiteFideId "-1"]
[WhiteFideId "-1"]
[PlyCount "116"]
[GameId "2170886505592301"]
[EventDate "2025.04.17"]
[EventType "swiss"]
[EventRounds "9"]
[EventCountry "CAN"]

1. d4 d5 2. c4 c6 3. Nf3 Nf6 4. e3 e6 5. b3 Bb4+ 6. Nbd2 Qa5 7. a3 Ne4 8. Bd3 Bxd2+ 9. Bxd2 Nxd2 10. Nxd2 Nd7 11. b4 Qc7 12. O-O O-O 13. e4 dxc4 14. Bxc4 Nb6 15. Bb3 Rd8 16. Nf3 Qe7 17. Qe1 Bd7 18. Qc3 Be8 19. a4 Rac8 20. Rad1 Na8 21. Rfe1 Nc7 22. Ne5 Na6 23. Nd3 b6 24. Bc4 Nb8 25. Qb2 Nd7 26. Rc1 Rc7 27. f4 Nf6 28. Nf2 Qd7 29. Rcd1 Qc8 30. Ra1 Rcd7 31. Rad1 Rc7 32. Qa1 Rcd7 33. e5 Nd5 34. Bxd5 cxd5 35. Rc1 Rc7 36. Nd3 Rdd7 37. a5 Rc4 38. Nb2 Rxc1 39. Rxc1 Rc7 40. Rxc7 Qxc7 41. axb6 axb6 42. Nd1 Qc4 43. Qc3 Qe2 44. Ne3 g6 45. Nf1 Bb5 46. Ng3 Qd1+ 47. Kf2 Kg7 48. h4 Bc4 49. Qe3 h5 50. f5 Qg4 51. fxe6 fxe6 52. Qg5 Qxd4+ 53. Ke1 Qg1+ 54. Kd2 Qxg2+ 55. Ke1 Qg1+ 56. Kd2 Qf2+ 57. Kc1 Qe1+ 58. Kc2 Qf2+ 1/2-1/2

[Event "CAN-ch w"]
[Site "Toronto CAN"]
[Date "2025.04.19"]
[Round "5.6"]
[White "Zhang, Michelle"]
[Black "Koop, Alison"]
[Result "1-0"]
[WhiteElo "1793"]
[BlackElo "1633"]
[WhiteFideId "-1"]
[WhiteFideId "-1"]
[PlyCount "67"]
[GameId "2170886505592302"]
[EventDate "2025.04.17"]
[EventType "swiss"]
[EventRounds "9"]
[EventCountry "CAN"]

1. e4 c5 2. Nf3 Nc6 3. d4 cxd4 4. Nxd4 Nf6 5. Nc3 e5 6. Ndb5 d6 7. a4 a6 8. Na3 Be6 9. Bc4 Bxc4 10. Nxc4 Nxe4 11. Nxe4 d5 12. Bg5 f6 13. Bxf6 gxf6 14. Qxd5 Qxd5 15. Nxf6+ Kf7 16. Nxd5 Bc5 17. c3 Rhg8 18. Nce3 Raf8 19. b4 Bd6 20. Nf5 Ke6 21. Nxd6 Kxd5 22. Rd1+ Ke6 23. O-O Rg7 24. Ne4 Rf4 25. f3 Rc7 26. g3 Rf8 27. a5 Ke7 28. Kg2 Na7 29. Rd5 Ke6 30. Rfd1 Nb5 31. Nc5+ Kf5 32. g4+ Kf6 33. Nd7+ Ke7 34. Rxe5+ 1-0

[Event "CAN-ch w"]
[Site "Toronto CAN"]
[Date "2025.04.19"]
[Round "5.7"]
[White "Qiao, Cindy"]
[Black "Xie, Irene"]
[Result "1-0"]
[WhiteElo "1896"]
[BlackElo "1949"]
[WhiteFideId "-1"]
[WhiteFideId "-1"]
[PlyCount "77"]
[GameId "2171584211509852"]
[EventDate "2025.04.17"]
[EventType "swiss"]
[EventRounds "9"]
[EventCountry "CAN"]

1. e4 e6 2. d4 d5 3. Bd3 dxe4 4. Bxe4 Nf6 5. Bf3 c5 6. Ne2 Nc6 7. Be3 cxd4 8. Nxd4 Nxd4 9. Qxd4 Qc7 10. Nc3 e5 11. Qd3 Bd7 12. O-O-O a6 13. Bg5 Be6 14. Bxf6 gxf6 15. Bd5 Bh6+ 16. Kb1 f5 17. g4 fxg4 18. Bxe6 fxe6 19. Qe2 O-O 20. Qxg4+ Bg7 21. Rhg1 Qe7 22. Ne4 Rf4 23. Qg2 Raf8 24. Rd2 Kh8 25. Nc5 Rd4 26. Rxd4 exd4 27. Nxe6 Rf7 28. Ng5 Rf6 29. Qh3 h6 30. Nf3 Re6 31. a3 Qe8 32. Qg4 Qd7 33. Ne5 Qe7 34. Ng6+ Rxg6 35. Qxg6 Qe5 36. f4 Qe7 37. f5 Qe5 38. Rf1 Qb5 39. Re1 1-0